Coupe du monde de football - Villes hôtes - Statistiques

Statistiques générales
  • Ce quiz a été pris 100 fois
  • Le résultat moyen est 92 sur 195
Statistiques - réponses
Années Pays Villes % Correct
1938 France Marseille
98%
1998 France Marseille
98%
1938 France Paris
98%
1998 France Paris
98%
2022 Qatar Al Khor
97%
2022 Qatar Al Rayyan
97%
2022 Qatar Al Wakrah
97%
1934 Italie Milan
97%
1990 Italie Milan
97%
1934 Italie Rome
97%
1990 Italie Rome
97%
1934 Italie Turin
97%
1990 Italie Turin
97%
1938 France Bordeaux
95%
1998 France Bordeaux
95%
1938 France Lille
94%
1998 France Lyon
93%
1998 France Nantes
93%
2006 Allemagne Berlin
91%
1974 RFA Berlin-Ouest
91%
1938 France Toulouse
91%
1998 France Toulouse
91%
1930 Uruguay Montevideo
90%
1950 Brésil Rio de Janeiro
90%
2014 Brésil Rio de Janeiro
90%
1966 Angleterre Londres
89%
1970 Mexique Mexico
89%
1986 Mexique Mexico
89%
1966 Angleterre Manchester
88%
1974 RFA Munich
88%
2006 Allemagne Munich
88%
1982 Espagne Barcelone
86%
2014 Brésil Brasilia
86%
1982 Espagne Madrid
86%
1934 Italie Naples
85%
1990 Italie Naples
85%
1998 France Saint Etienne
85%
1938 France Strasbourg
85%
1954 Suisse Berne
84%
1966 Angleterre Liverpool
84%
1994 Etats-Unis Los Angeles
84%
2018 Russie Moscou
83%
2018 Russie Saint Petersbourg
83%
2002 Corée du sud Séoul
83%
1982 Espagne Seville
83%
1958 Suède Stockholm
83%
1950 Brésil Sao paulo
81%
2014 Brésil Sao Paulo
81%
1978 Argentine Buenos Aires
78%
1998 France Lens
77%
1994 Etats-Unis New York
77%
1962 Chili Santiago
77%
1982 Espagne Valence
77%
1934 Italie Florence
76%
1990 Italie Florence
76%
1974 RFA Hambourg
76%
2006 Allemagne Hambourg
76%
2006 Allemagne Dortmund
75%
2010 Afrique du Sud Johannesbourg
74%
1954 Suisse Zurich
74%
1934 Italie Gênes
73%
1990 Italie Genes
73%
1998 France Montpellier
72%
1954 Suisse Genève
70%
1974 RFA Francfort
69%
2006 Allemagne Francfort
69%
1990 Italie Palerme
69%
2010 Afrique du Sud Le Cap
68%
1982 Espagne Bilbao
67%
1998 France Saint Denis
67%
1966 Angleterre Birmingham
66%
1994 Etats-Unis Chicago
66%
1974 RFA Stuttgart
65%
2006 Allemagne Stuttgart
65%
1974 RFA Dortmund
64%
2006 Allemagne Cologne
61%
2022 Qatar Doha
61%
1954 Suisse Bâle
59%
2006 Allemagne Leipzig
58%
1938 France Reims
58%
1994 Etats-Unis Boston
57%
2010 Afrique du Sud Pretoria
57%
1974 RFA Dusseldorf
56%
1958 Suède Göteborg
53%
1970 Mexique Guadalajara
52%
1986 Mexique Guadalajara
52%
2018 Russie Kazan
52%
1950 Brésil Belo Horizonte
51%
2014 Brésil Belo Horizonte
51%
1982 Espagne Malaga
51%
2002 Japon Osaka
50%
1990 Italie Bari
49%
1994 Etats-Unis Washington
49%
1934 Italie Bologne
48%
1990 Italie Bologne
48%
1994 Etats-Unis Dallas
47%
1974 RFA Hanovre
45%
2006 Allemagne Hanovre
45%
2014 Brésil Manaus
45%
2006 Allemagne Nuremberg
44%
1938 France Le Havre
43%
1982 Espagne Saragosse
42%
1986 Mexique Monterrey
41%
1990 Italie Cagliari
40%
1990 Italie Verone
40%
1974 RFA Gelsenkirchen
39%
2006 Allemagne Gelsenkirchen
39%
1982 Espagne La Corogne
39%
1994 Etats-Unis San Francisco
35%
2018 Russie Nijni Novgorod
34%
1950 Brésil Recife
34%
2014 Brésil Recife
34%
2018 Russie Iekaterinbourg
33%
1954 Suisse Lausanne
33%
2010 Afrique du Sud Durban
32%
2018 Russie Sotchi
32%
1982 Espagne Valladolid
32%
1938 France Colombes
31%
1982 Espagne Vigo
31%
2022 Japon Kobe
30%
1978 Argentine Rosario
30%
2010 Afrique du Sud Bloemfontein
28%
2014 Brésil Salvador
28%
1966 Angleterre Sheffield
28%
2002 Japon Yokohama
28%
2014 Brésil Porto Alegre
26%
2018 Russie Rostov-sur-le-Don
26%
2018 Russie Volgograd
26%
2014 Brésil Fortaleza
25%
1994 Etats-Unis Orlando
25%
1994 Etats-Unis Détroit
24%
2018 Russie Kaliningrad
23%
2018 Russie Samara
23%
1990 Italie Udine
22%
1950 Brésil Curitiba
20%
2014 Brésil Curitiba
20%
1954 Suisse Lugano
20%
2002 Japon Sapporo
20%
1982 Espagne Alicante
19%
1978 Argentine Cordoba
19%
1982 Espagne Gijon
19%
2002 Corée du sud Busan
18%
2010 Afrique du Sud Port Elizabeth
17%
1950 Brésil Porto Alegre
17%
1982 Espagne Oviedo
16%
1982 Espagne Elche
15%
1970 Mexique Puebla
15%
1986 Mexique Puebla
15%
1934 Italie Trieste
15%
2002 Corée du sud Daegu
14%
1978 Argentine Mendoza
13%
1938 France Antibes
11%
1970 Mexique Leon
11%
1986 Mexique Leon
11%
2022 Qatar Lusail
11%
2014 Brésil Natal
11%
1958 Suède Norrköping
11%
1966 Angleterre Sunderland
11%
1958 Suède Helsingborg
10%
2006 Allemagne Kaiserslautern
9%
1978 Argentine Mar del Plata
9%
2002 Corée du sud Incheon
8%
1962 Chili Vina del Mar
8%
2014 Brésil Cuiaba
7%
2010 Afrique du Sud Polokwane
7%
2002 Corée du sud Gwangju
6%
1958 Suède Örebro
6%
2002 Corée du sud Jeonju
5%
2010 Afrique du Sud Nelspruit
5%
2002 Japon Saitama
5%
2018 Russie Saransk
5%
2002 Corée du sud Suwon
5%
1970 Mexique Toluca
5%
1986 Mexique Toluca
5%
2002 Corée du sud Ulsan
5%
1966 Angleterre Middlesbrough
3%
2002 Japon Niigata
3%
2002 Japon Oita
3%
2010 Afrique du Sud Rustenburg
3%
1958 Suède Vasteras
3%
1962 Chili Arica
2%
1958 Suède Boras
2%
2002 Corée du sud Daejeon
2%
1958 Suède Eskilstuna
1%
1958 Suède Halmstad
1%
2002 Japon Ibaraki
1%
1986 Mexique Irapuato
1%
2002 Japon Miyagi
1%
1986 Mexique Nezahualcóyotl
1%
1962 Chili Rancagua
1%
1958 Suède Sandviken
1%
1986 Mexique Santiago de Querétaro
1%
2002 Corée du sud Seogwipo
1%
2002 Japon Shizuoka
1%
1958 Suède Uddevalla
1%
Aucun quiz correspondant
Distribution des résultats
% des personnes avec chaque résultat
Percentile par nombre de réponses
Votre historique - résultats
Vous n’avez pas pris ce quiz